01171nam a2200229 a 4500008004100000020001500041050001500056100001500071245009400086260002800180300002200208350000900230490003500239650001100274650004600285700001700331995016200348995016200510999001700672952012600689952012600815120416s1997 ||||||||||||||||| || u a1856495191 aTP 360 Bio aHall, D. O10aBiomass energy policy in Africa: selected case studiescedited by D. L. Kgathi and others aLondonbZed Booksc1997 axvi, 234 p. :ill. a0.00 aAfrican energy policy research aENERGY aBIOMASS ENERGY--GOVERNMENT POLICY--AFRICA aKgathi, D. L aANNEX COLLECTION (Main Library)D0.00e729631FCBU-MAIN LIBRARY (Kitwe)H1I0.00jTP 360 BioM1UAVAILABLEWJul 17, 2007y021817ZAnnex Low-Usage Collection  aANNEX COLLECTION (Main Library)D0.00e729630FCBU-MAIN LIBRARY (Kitwe)H1I0.00jTP 360 BioM2UAVAILABLEWJul 18, 2007y021818ZAnnex Low-Usage Collection  c81138d81138 00102lcc4070a001b001cAnnex Low-Usage Collection d2023-07-19l0oTP 360 Biop021817r2023-07-19t1w2023-07-19y002 00102lcc4070a001b001cAnnex Low-Usage Collection d2023-07-19l0oTP 360 Biop021818r2023-07-19t2w2023-07-19y002